zpět

Detail výsledku týmu

Klub Tyjátr, Svitavy

Datum a čas kvízu

8 Celkem bodů Celkový počet nahraných bodů na tomto kvízu bez doplňovacích otázek.
4. Pořadí na kvízu Konečné umístění týmu na tomto kvízu.

Zaznamenané odpovědi

# Otázka Odpověď Body Výsledky
1. Českou republiku minulý týden... Svjatlana Cichanouská (Světlana Tichanovská) 0
2. Na první příčce žebříčku světo... B 0
3. Minulý čtvrtek měl televizní p... 13 minut 1
4. Jak se jmenuje středoamerický... Salvador 0
5. Minulý týden uzavřel svou boha... David Limberský 0
6. Nyní se podíváme do světa žen,... Ashley Graham/Grahamová 0
7. Jednou z nezapomenutelných kor... C 0
8. Melissa McCarthyová je americk... Gilmorova děvčata 0
9. Podle čeho pojmenovala britská... A 0
10. Na fotografii vidíme moderátor... Oprah Winfrey 0